Grand Slam of Darts Winners - Statistics

General Stats
  • This quiz has been taken 9 times
  • The average score is 17 of 19
Answer Stats
Year Country Winner % Correct
2025 England Luke Littler
100%
2024 England Luke Littler
100%
2017 Netherlands Michael van Gerwen
100%
2016 Netherlands Michael van Gerwen
100%
2015 Netherlands Michael van Gerwen
100%
2014 England Phil Taylor
100%
2013 England Phil Taylor
100%
2011 England Phil Taylor
100%
2009 England Phil Taylor
100%
2008 England Phil Taylor
100%
2007 England Phil Taylor
100%
2021 Wales Gerwyn Price
89%
2019 Wales Gerwyn Price
89%
2018 Wales Gerwyn Price
89%
2023 England Luke Humphries
89%
2012 Netherlands Raymond van Barneveld
89%
2022 England Michael Smith
78%
2020 Portugal José de Sousa
56%
2010 England Scott Waites
33%
No matching quizzes found
Score Distribution
Percent of People with Each Score
Percentile by Number Answered
Your Score History
You have not taken this quiz